Datum a čas kvízu
35
Celkem bodů
Celkový počet nahraných bodů na tomto kvízu bez doplňovacích otázek.
6.
Pořadí na kvízu
Konečné umístění týmu na tomto kvízu.
Zaznamenané odpovědi
| # | Otázka | Odpověď | Body | Výsledky |
|---|---|---|---|---|
| 1. | V pátek a sobotu se v Kolovči... | A) na Chodsku | 1 | |
| 2. | Příznivci alternativního divad... | C) automobily, autobusy a bagry | 1 | |
| 3. | Nejvyšší soud v Jižní Koreji m... | Baby Shark | 1 | |
| 4. | Speciálem etiopských aerolinií... | Lucy | 0 | |
| 5. | 25letý švédský atlet překonal... | Armand Duplantis; skok o tyči | 1 | |
| 6. | Hned v první otázce se zaměřím... | 1D 2C 3B 4A | 1 | |
| 7. | Z následujících možností vyber... | A | 0 | |
| 8. | Který z těchto výroků o prezid... | B | 1 | |
| 9. | NW Präsident byl v roce 1897 p... | Tatra, Kopřivnice | 0 | |
| 10. | Která zpěvačka nahrála skladbu... | Pink | 1 |